Derechos fundamentales y libertad negocial. Sobre el Espacio Constitucional para la Autonomía de la Voluntad entre particulares.

Saved in:
Bibliografiske detaljer
Hovedforfatter: López Aguilar, Juan Fernando (autor)
Format: Bog
Sprog:spansk
Udgivet: Madrid, España: Ministerio de Justicia; Secretaria General Técnica, 1990.
Fag:
Tags: Tilføj Tag
Ingen Tags, Vær først til at tagge denne postø!

MARC

LEADER 00000nam a2200000 a 4500
001 UCR3012
003 CL-VaPUC
005 20220822114337.0
008 980123e19900000SP |||||||||||||||||spa|d
999 |c 266128  |d 266126 
020 |a 84-7787-072-1 
040 |c Pontificia Universidad Católica de Valparaíso 
082 0 4 |a 323.4 LOP 1990  |2 21 
100 |a López Aguilar, Juan Fernando  |e autor  |9 401695 
245 1 0 |a Derechos fundamentales y libertad negocial.  |b Sobre el Espacio Constitucional para la Autonomía de la Voluntad entre particulares. 
260 |a Madrid, España:  |b Ministerio de Justicia;  |b Secretaria General Técnica,  |c 1990. 
300 |a 202 páginas.  
500 |a c.2 Donación Familia Prof. Alejandro Guzmán Brito.  
583 |a last modification  |c 19980123 00:00:00  |k Rodrigo Vera 
650 0 |a Derecho positivo  |9 255911 
650 0 |a Derechos civiles  |9 255655 
650 0 |a Libertades constitucionales  |2 CL-VaPUC  |9 395070 
650 0 |a Interpretación del derecho  |2 CL-VaPUC  |9 255662 
650 0 |a Garantías constitucionales   |2 CL-VaPUC  |9 377505 
942 |c BK  |2 ddc  |n 0 
945 |d 19980123 00:00:00  |a jquezada 
952 |0 0  |1 0  |4 0  |6 323_400000000000000_LOP_1990  |7 0  |8 A  |9 297485  |a BIBDER  |b BIBDER  |d 2019-11-20  |i 3386031  |o 323.4 LOP 1990  |p 3386031  |r 2023-01-25  |w 2019-11-20  |y BK  |k DER